• 首页
  • 本馆介绍
  • 公告通知
  • 最新文献
  • 馆藏检索
  • 电子资源
  • 读者导购
  • 参考咨询
  • 我的图书馆
  • 登录
  • 详细信息显示
  • 放入我的书架
  • 预约/预借图书
  • 作者相关作品
  • 分类相关作品
  • 丛书相关作品
  • 出版社相关作品

书目信息

  • 表格格式
  • 工作单格式
  • 卡片格式
题名:
IBM商业价值报告
    
 
作者: ;IBM商业价值研究院 著
分册:   物联网+
出版信息: 北京   东方出版社  2016
页数: 244页
开本: 24cm
丛书名:
单 册:
中图分类: F272 , TP393.4
科图分类:
主题词: 企业管理--研究报告 , 物联网--研究报告
电子资源:
ISBN: 978-7-5060-8855-8
000 00940nam0 2200277 450
001 012001004149
005 20140928162349.0
010    @a978-7-5060-8855-8@b精装@dCNY68.00
100    @a20160318d2016 em y0chiy50 ea
101 0  @achi
102    @aCN@b110000
105    @aa az 000yy
106    @ar
200 1  @aIBM商业价值报告@9IBM shang ye jia zhi bao gao@i物联网+@b专著@fIBM商业价值研究院著
210    @a北京@c东方出版社@d2016
215    @a244页@c图@d24cm
320    @a有书目
330    @a本书收录了IBM商业价值研究院在物联网领域的最新研究成果。主要包括:设备民主——拯救物联网的未来;增强边缘设备——对分散型物联网的实时洞察等内容。
517 1  @a物联网+@9wu lian wang +
606 0  @a企业管理@x研究报告
606 0  @a物联网@x研究报告
690    @aF272@v5
690    @aTP393.4@v5
711 02 @aIBM商业价值研究院@9IBM shang ye jia zhi yan jiu yuan@4著
801  0 @aCN@b上海新华@c20180901
905    @b1170270-4@dF272@e1630@f5
    
    IBM商业价值报告.物联网+/IBM商业价值研究院著.-北京:东方出版社,2016
    244页:图;24cm
    
    
    ISBN 978-7-5060-8855-8(精装):CNY68.00
    本书收录了IBM商业价值研究院在物联网领域的最新研究成果。主要包括:设备民主——拯救物联网的未来;增强边缘设备——对分散型物联网的实时洞察等内容。
●
相关链接 在E读中查询图书 在五车中查询图书 在当当中查询图书 在豆瓣中查询图书


正题名:IBM商业价值报告     索取号:F272/1630         预约/预借

序号 登录号 条形码 馆藏地/架位号 状态 备注
1 1170270   211702709   第一样本阅览室/ [索取号:F272/1630] 在馆    
2 1170271   211702718   第一借阅区/ [索取号:F272/1630] 在馆    
3 1170272   211702727   第一借阅区/ [索取号:F272/1630] 在馆    
4 1170273   211702736   第一借阅区/ [索取号:F272/1630] 在馆    
5 1170274   211702745   密集书库-海洋学院/ [索取号:F272/1630] 在馆    
唐山师范学院图书馆 欢迎您!
大连网信软件有限公司© 版权所有